NFL Players on the 2007 Best Recruits List - Statistics

General Stats
  • This quiz has been taken 3 times
  • The average score is 7 of 35
Answer Stats
Teams Rank Position Answer % Correct
Patriots 35 TE Aaron Hernandez
67%
Panthers, Patriots 26 QB Cam Newton
67%
Seahawks, Lions, Giants, Eagles 83 WR Golden Tate
67%
Seahawks, Raiders, 49ers, Cowboys, Jaguars, Browns 195 LB Malcolm Smith
67%
Patriots 102 TE Rob Gronkowski
67%
Patriots, Texans, Ravens 5 QB (RIP) Ryan Mallett
67%
Ravens, 49ers, Eagles, Panthers 587 WR Torrey Smith
67%
Texans, Browns, Giants, Ravens, Bills, Chargers 17 QB Tyrod Taylor
67%
Bengals, Chiefs, Seahawks 14 DE Carlos Dunlap
33%
Cowboys, Ravens 48 WR Dez Bryant
33%
Seahawks, Ravens 336 S Earl Thomas
33%
Panthers, Bears, Ravens 2 QB Jimmy Clausen
33%
Eagles, Rams, Chiefs, Jaguars, Bears, Colts 577 QB Nick Foles
33%
Dolphins, Titans 596 QB Ryan Tannehill
33%
Cowboys, Jaguars, Texans, Buccaneers 581 P Bryan Anger
0%
Steelers 193 DT Cameron Heyward
0%
Chiefs 3 CB/S Eric Berry
0%
Vikings, Cowboys, Lions 9 DE Everson Griffen
0%
Vikings 258 S Harrison Smith
0%
Browns, Steelers 130 CB Joe Haden
0%
Steelers, Cardinals 87 RB Jonathan Dwyer
0%
Chiefs, Ravens, Colts, Panthers 266 OLB Justin Houston
0%
Seahawks, Raiders 879 LB KJ Wright
0%
Giants, Vikings, Chargers, Eagles, Bills 1,000 DT Linval Joseph
0%
Giants, Cowboys, Dolphins, Broncos 4 DT Marvin Austin
0%
Steelers 230 OG/C Maurkice Pouncey
0%
Chiefs, Chargers, Steelers, Dolphins 259 OLB Melvin Ingram
0%
Chargers, Dolphins 290 OG/C Mike Pouncey
0%
Raiders 665 LB Miles Burris
0%
Browns, Chiefs 518 OT Mitchell Schwartz
0%
Giants, Jaguars, Bears 443 CB Prince Amukamara
0%
Raiders, Cardinals 579 C Rodney Hudson
0%
Redskins, Eagles 562 DE Ryan Kerrigan
0%
Patriots, Jets, Falcons, Steelers 253 RB Stevan Ridley
0%
Broncos, Bills, Rams 277 OLB/DE Von Miller
0%
No matching quizzes found
Score Distribution
Percent of People with Each Score
Percentile by Number Answered
Your Score History
You have not taken this quiz